000 01417nam a2200229Ii 4500
003 JO-AjNU
005 20240623130729.0
008 230605s9999||||xx |||||||||||||| ||und||
040 _aJO-AjNU
_bara
_erda
_cJO-AjNU
041 _aara
100 1 _aالعثامنة - منى محمد
_964678
_eمعد
245 0 0 _aمعوقات عمل أقسام التدقيق الداخلي في الجمارك الأردنية والآليات المقترحة لزيادة قاعليتها = Obstacles to the Work of Internal Audit Departments in Jordanian Customs and the Proposed Mechanisms to Increase its Effectiveness /
_cاعداد منى محمد العثامنة ؛ اشراف احمد محمد العمري
260 _c2012
300 _a115ورقة
336 _atext
_btxt
_2rdacontent
337 _aunmediated
_bn
_2rdamedia
338 _avolume
_bnc
_2rdacarrier
500 _a رسالة جامعية (ماجستير).- جامعة اليرموك (إربد، الأردن)، كلية الإقتصاد والعلوم الإدارية ؛ قسم المحاسبة، 2012 ببليوجرافيا : ص. 104-108 تتضمن ملخصا باللغتين العربية والإنجليزية.
650 7 0 _aالتدقيق الداخلي - تنظيم وادارة - الرقابة الادارية - دائرة الجمارك - الاردن
_964679
700 1 _aالعمري، احمد محمد
_964680
942 _2lcc
_cTHS
999 _c33057
_d33057